The gambler, and other stories / (Record no. 50418)
| 000 -LEADER | |
|---|---|
| fixed length control field | 00625nam a2200169 4500 |
| 020 ## - INTERNATIONAL STANDARD BOOK NUMBER | |
| International Standard Book Number | 9780140455090 |
| 100 ## - MAIN ENTRY--PERSONAL NAME | |
| Personal name | Dostoyevsky, Fyodor, |
| Dates associated with a name | 1821-1881. |
| Relator term | author. |
| 240 00 - UNIFORM TITLE | |
| Uniform title | <a href="Igrok. English [from old catalog]">Igrok. English [from old catalog]</a> |
| 245 14 - TITLE STATEMENT | |
| Title | The gambler, and other stories / |
| Statement of responsibility, etc | Fyodor Dostoyevsky. A new translation by Ronald Meyer. |
| 260 ## - PUBLICATION, DISTRIBUTION, ETC. (IMPRINT) | |
| Place of publication, distribution, etc | New York, |
| Name of publisher, distributor, etc | Penguin Classics ; |
| Date of publication, distribution, etc | October 26, 2010. |
| 300 ## - PHYSICAL DESCRIPTION | |
| Extent | 318 p. |
| Dimensions | 19 cm. |
| 650 ## - SUBJECT ADDED ENTRY--TOPICAL TERM | |
| 9 (RLIN) | 18656 |
| Topical term or geographic name as entry element | Russian |
| General subdivision | Fiction. |
| 650 ## - SUBJECT ADDED ENTRY--TOPICAL TERM | |
| 9 (RLIN) | 72362 |
| Topical term or geographic name as entry element | Human behavior |
| Form subdivision | Fiction |
| 650 ## - SUBJECT ADDED ENTRY--TOPICAL TERM | |
| 9 (RLIN) | 37961 |
| Topical term or geographic name as entry element | Literature and morals. |
| 650 ## - SUBJECT ADDED ENTRY--TOPICAL TERM | |
| 9 (RLIN) | 35486 |
| Location of event | Great Britain |
| Active dates | 17th century |
| Form subdivision | Social life and customs |
| 942 ## - ADDED ENTRY ELEMENTS (KOHA) | |
| Source of classification or shelving scheme | |
| Withdrawn status | Lost status | Source of classification or shelving scheme | Damaged status | Not for loan | Home library | Current library | Date acquired | Total Checkouts | Full call number | Barcode | Date last seen | Price effective from | Koha item type |
|---|---|---|---|---|---|---|---|---|---|---|---|---|---|
| Logos International School | Logos International School | 04/20/2026 | FIC DOS | 040951 | 04/20/2026 | 04/20/2026 | Book |